|
|
|
|
| LEADER |
01435nam a2200325 a 4500 |
| 001 |
32264 |
| 003 |
BD-DhAAL |
| 005 |
20211128160106.0 |
| 008 |
171012s2005 nyua b 001 0 eng |
| 999 |
|
|
|c 38420
|d 38420
|
| 010 |
|
|
|a 2004275109
|
| 020 |
|
|
|a 007144033X
|
| 040 |
|
|
|a DLC
|c DLC
|d DLC
|d BD-DhAAL
|
| 050 |
0 |
0 |
|a TS176
|b .M36237 2005
|
| 082 |
0 |
0 |
|a 658.5
|2 22
|
| 245 |
0 |
0 |
|a Manufacturing planning and control systems for supply chain management /
|c Thomas E. Vollmann ... [et al.].
|
| 250 |
|
|
|a 5th ed.
|
| 260 |
|
|
|a New York :
|b McGraw-Hill,
|c c2005.
|
| 300 |
|
|
|a xxii, 598 pages :
|b illustration ;
|c 25 cm.
|
| 500 |
|
|
|a Rev. ed. of: Manufacturing planning and control systems / Thoms E. Vollmann, William L. Berry, D. Clay Whybark. 4th ed. c1997.
|
| 526 |
|
|
|a AAL
|
| 541 |
|
|
|e 32264 & 32265
|
| 650 |
|
0 |
|a Production planning.
|9 22480
|
| 650 |
|
0 |
|a Production control.
|9 22481
|
| 650 |
|
0 |
|a Business & finance.
|9 43234
|
| 700 |
1 |
|
|a Vollmann, Thomas E.
|9 22482
|
| 700 |
1 |
|
|a Vollmann, Thomas E.
|9 22482
|
| 942 |
|
|
|2 ddc
|c BK
|
| 952 |
|
|
|0 0
|1 0
|2 ddc
|4 0
|6 658_500000000000000_MAN
|7 0
|9 61551
|a BRACUL
|b BRACUL
|c GEN
|d 2017-10-11
|e STS International
|g 7122.00
|l 5
|m 41
|o 658.5 MAN
|p 3010032264
|r 2020-01-07
|s 2019-09-16
|t 1
|v 7122.00
|w 2017-10-11
|y BK
|
| 952 |
|
|
|0 0
|1 0
|2 ddc
|4 0
|6 658_500000000000000_MAN
|7 0
|9 61557
|a BRACUL
|b BRACUL
|c GEN
|d 2017-10-11
|e STS International
|g 7122.00
|l 8
|m 42
|o 658.5 MAN
|p 3010032265
|r 2024-09-25
|s 2024-05-28
|t 2
|v 7122.00
|w 2017-10-11
|y BK
|